Lulu's lemonade / (Record no. 4779)
[ view plain ]
| 000 -LEADER | |
|---|---|
| fixed length control field | 00965nam a22003017a 4500 |
| 001 - CONTROL NUMBER | |
| control field | 4779 |
| 003 - CONTROL NUMBER IDENTIFIER | |
| control field | FISKH |
| 005 - DATE AND TIME OF LATEST TRANSACTION | |
| control field | 20241010140349.0 |
| 008 - FIXED-LENGTH DATA ELEMENTS--GENERAL INFORMATION | |
| fixed length control field | 241010b cb ||||| |||| 00| 0 eng d |
| 020 ## - INTERNATIONAL STANDARD BOOK NUMBER | |
| International Standard Book Number | 9781575650937 |
| 040 ## - CATALOGING SOURCE | |
| Original cataloging agency | FISKH |
| Language of cataloging | eng |
| Transcribing agency | FISKH |
| Modifying agency | FISKH |
| 050 ## - LIBRARY OF CONGRESS CALL NUMBER | |
| Classification number | PZ7.D4475 |
| 082 ## - DEWEY DECIMAL CLASSIFICATION NUMBER | |
| Classification number | 408 |
| 100 ## - MAIN ENTRY--PERSONAL NAME | |
| Personal name | deRubertis, Barbara |
| Dates associated with a name | (1939-) |
| 245 ## - TITLE STATEMENT | |
| Title | Lulu's lemonade / |
| Statement of responsibility, etc. | by Barbara deRubertis Illustrated by Paige Billin-Frye |
| 250 ## - EDITION STATEMENT | |
| Edition statement | First published in 2000 |
| 260 ## - PUBLICATION, DISTRIBUTION, ETC. | |
| Place of publication, distribution, etc. | New York : |
| Name of publisher, distributor, etc. | Kane Press, |
| Date of publication, distribution, etc. | 2000. |
| 300 ## - PHYSICAL DESCRIPTION | |
| Extent | 32 pages : |
| Other physical details | Color illustrations ; |
| Dimensions | 23 cm |
| 505 ## - FORMATTED CONTENTS NOTE | |
| Formatted contents note | L<br/> |
| 520 ## - SUMMARY, ETC. | |
| Summary, etc. | On a hot summer day, three children squabble over which ingredients and what quantities should go into their extra special lemonade. |
| 521 8# - TARGET AUDIENCE NOTE | |
| Target audience note | 520L<br/> |
| Source | Lexile<br/> |
| 521 8# - TARGET AUDIENCE NOTE | |
| Target audience note | L<br/> |
| Source | Raz-Plus<br/> |
| 650 ## - SUBJECT ADDED ENTRY--TOPICAL TERM | |
| Source of heading or term | Measurement |
| Topical term or geographic name entry element | Children's |
| 650 ## - SUBJECT ADDED ENTRY--TOPICAL TERM | |
| Source of heading or term | Math |
| Topical term or geographic name entry element | Food |
| 700 ## - ADDED ENTRY--PERSONAL NAME | |
| Personal name | Billin-Frye, Paige |
| Dates associated with a name | Illustrator |
| 942 ## - ADDED ENTRY ELEMENTS (KOHA) | |
| Source of classification or shelving scheme | Dewey Decimal Classification |
| Koha item type | Books |
| Suppress in OPAC | No |
| Withdrawn status | Lost status | Source of classification or shelving scheme | Damaged status | Not for loan | Collection | Home library | Current library | Shelving location | Date acquired | Total Checkouts | Full call number | Barcode | Date last seen | Copy number | Price effective from | Koha item type |
|---|---|---|---|---|---|---|---|---|---|---|---|---|---|---|---|---|
| Dewey Decimal Classification | Fiction | Footprints International School Library Network Toul Kork Campus | Footprints International School Library Network Toul Kork Campus | TK Primary Library Room(4th Floor), Bookcase 3&4, Shelves 17-32, Yellow Books | 10/10/2024 | DER 408 PZ7.D4475 | 2024-2129 | 10/10/2024 | 1 | 10/10/2024 | Books |
